Die Schöne Melusine (Record no. 6598)

MARC details
000 -CABECERA
campo de control de longitud fija 00736nam a2200229 a 4500
001 - NÚMERO DE CONTROL
campo de control BRCA_6916
005 - FECHA Y HORA DE LA ÚLTIMA TRANSACCIÓN
campo de control 20190320205635.0
008 - DATOS DE LONGITUD FIJA--INFORMACIÓN GENERAL
campo de control de longitud fija 161111s1911----gw-#######---#000-0#ger-#
041 ## - CÓDIGO DE LENGUA
Código de lengua del texto/banda sonora o título independiente ger
044 ## - CÓDIGO DEL PAÍS DE LA ENTIDAD EDITORA/PRODUCTORA
Código MARC del país gw
050 #4 - SIGNATURA TOPOGRÁFICA DE LA BIBLIOTECA DEL CONGRESO
Número de clasificación PT2621 O58
Número de documento/Ítem .S33 1911
100 1# - ENTRADA PRINCIPAL--NOMBRE DE PERSONA
Nombre de persona Kohlenegg, Viktor v.
9 (RLIN) 17234
245 10 - MENCIÓN DE TÍTULO
Título Die Schöne Melusine
Resto del título Roman
Mención de responsabilidad, etc. von Viktor von Kohlenegg.
260 ## - PUBLICACIÓN, DISTRIBUCIÓN, ETC.
Lugar de publicación, distribución, etc. Stuttgart, Alemania
Nombre del editor, distribuidor, etc. J. Engelhorns
Fecha de publicación, distribución, etc. 1911
300 ## - DESCRIPCIÓN FÍSICA
Extensión 316 p.
Dimensiones 19 cm.
440 #0 - MENCIÓN DE SERIE/PUNTO DE ACCESO ADICIONAL--TÍTULO
Título Engelhorns Romanbibliothek. Eine Auswahl der besten modern Romane aller Völker, Achtundzwanzigster Jahrgang
Designación de volumen o secuencia 5/6
9 (RLIN) 17235
500 ## - NOTA GENERAL
Nota general Estado físico: deshojado, lomo y cubiertas rotos
500 ## - NOTA GENERAL
Nota general O127
650 14 - PUNTO DE ACCESO ADICIONAL DE MATERIA--TÉRMINO DE MATERIA
Término de materia o nombre geográfico como elemento de entrada Ficción
9 (RLIN) 16263
902 ## - CATALOGADOR
Iniciales GFM
942 ## - ELEMENTOS DE PUNTO DE ACCESO ADICIONAL (KOHA)
Fuente del sistema de clasificación o colocación Library of Congress Classification
Tipo de ítem Koha Libros
Holdings
Estado de retiro Estado de pérdida Estado dañado No para préstamo Localización permanente Ubicación/localización actual Fecha de adquisición Número de inventario Total de préstamos Signatura topográfica completa Código de barras Fecha visto por última vez Precio válido a partir de Tipo de ítem Koha
El ejemplar forma parte de la colección y puede ser consultado según las políticas vigentes.       Biblioteca del Museo Franz Mayer (Rogerio Casas-Alatriste) Biblioteca del Museo Franz Mayer (Rogerio Casas-Alatriste) 16/11/2011 O127   PT2621 O58 .S33 1911 (O127) 7363 22/03/2019 22/03/2019 Libros